000 00654nam a2200217 a 4500
001 68492
003 BD-RjUL
005 20211209081759.0
008 750320s1962 nyua b 001 0 eng
035 _a(BD-RjUL)68702
040 _aDLC
_cGAT
_dOCoLC
_dUk
_dDLC
_dBD-RjUL
_beng
041 _aeng
082 _223
_a530.138
_bWII 1962
100 1 _aWing, G. Milton
_q(George Milton),
_d1923-
_9203019
245 1 3 _aAn introduction to transport theory /
_cGeorge Milton Wing
260 _aNew York :
_bWiley,
_c1962
300 _a169 p. :
_bill. ;
_c24 cm.
504 _aIncludes bibliography and index
650 0 _aTransport theory.
_9203020
942 _2ddc
_cBK
999 _c68492
_d68492